UK History Picture Quiz - I - Statistics

General Stats
  • This quiz has been taken 345 times
  • The average score is 11 of 15
Answer Stats
Picture Hint Answer % Correct
Company that ruled the start of the British Empire East {India} Company
98%
Discoverer of gravity born 1642 {Isaac} Newton
98%
Country that declared independence in 1922 Ireland
97%
Revolution started in the 18th century {Industrial} Revolution
94%
Nickname of the first female PM Iron Lady
94%
Country involved in the Cod Wars Iceland
87%
Scottish city given a Royal Charter in 1158 Inverness
80%
1960's crime caper film starring Michael Caine The {Italian} Job
79%
Soft drink first made in Scotland in 1899 Irn-Bru
76%
Scotland voted against this in 2014 Independence
69%
Sir Walter Scott novel published in 1819 Ivanhoe
51%
Country granted independence in 1932 Iraq
50%
Alternate name for river Thames in Oxford. First used in 1577 Isis
33%
Island with an abbey established in 563 Iona
32%
Food depicted on the reverse of 10 pence coin minted in 2018 Ice Cream
31%
No matching quizzes found
Score Distribution
Percent of People with Each Score
Percentile by Number Answered
Your Score History
You have not taken this quiz